000
00252nam a2200097Ia 4500
082
_a
616.994654 SERF
245
0
_a
Oorwin kanker : 'n nuwe lewe
100
_a
SERFONTEIN, W. J.
_9
105944
942
_c
BK
008
210825s9999 xx 000 0 und d
999
_c
533260
_d
533259